000 00863nam a2200241 a 4500
005 20210223130239.0
008 070824s2000 mx r 000 0 spa d
020 _a9701857739
035 _aUPN01000151406
049 _aCG
050 4 _aF1221 M7
_bA8.3
100 1 _aAtilano Flores, Juan José
245 1 0 _aEntre lo propio y lo ajeno :
_bla identidad étnico-local de los jornaleros mixtecos /
_cJuan José Atilano Flores.
260 _aMéxico :
_bINI :
_bPNUD,
_c2000.
300 _a100 p. :
_bil., cuadros, gráfs.
440 0 _aMigración indígena
500 _a"Estado del desarrollo económico y social de los pueblos indigenas de México"
650 4 _aMIXTECOS -
_xMIGRACIONES
_98617
650 4 _aMIXTECOS -
_xAGRICULTURA
_95211
650 4 _aMIGRACION INTERNA -
_zOAXACA
_98615
650 4 _aMIGRACION INTERNA -
_zSINALOA
_98616
905 _aLibro
999 _c123543
_d123543